<The> Great Economists How Their Ideas Can Help Us Today

Na minha lista:
Detalhes bibliográficos
Autor principal: Yueh, Linda
Formato: Livro
Idioma:inglês
Publicado em: London Penguin Books 2019
Assuntos:
Tags: Adicionar Tag
Sem tags, seja o primeiro a adicionar uma tag!

MARC

LEADER 00000nam a2200000 4500
001 0252850
005 20240221112802.2
020 |a 978-0-241-97447-6 
041 0 |a eng 
044 |a GB 
245 1 0 |a <The> Great Economists  |b How Their Ideas Can Help Us Today  |c Linda Yueh 
264 1 |a London  |b Penguin Books  |c 2019 
300 |a 357 s. 
610 2 0 |a veda ekonomická 
610 2 0 |a myslenie ekonomické 
610 2 0 |a osobnosť 
610 2 0 |a história 
610 2 0 |a vývoj hospodársky 
610 2 0 |a vývoj politický 
100 1 |a Yueh, Linda